Nový zákon o miestnych daniach (I.)

Dňa 1. 11. 2004 nadobudol účinnosť zákon č. 582/2004 Z.z. o miestnych daniach a miestnom poplatu za komunálne odpady a drobné stavebné odpady. Informácia o miestnych daniach - dani z nehnuteľnosti a dani z motorových vozidiel. Stručný prehľad vyberania a platenia všetkých miestnych daní. Ilustračné...

Descrizione completa

Salvato in:
Dettagli Bibliografici
Autore principale: Hečková, Radka
Altri autori: Vargová, Mária
Natura: Capitolo di libro
Lingua:slovacco
Soggetti:
Tags: Aggiungi Tag
Nessun Tag, puoi essere il primo ad aggiungerne!!

MARC

LEADER 00000naa$a2200000$$$4500
001 0024867
005 20231109113528.3
041 0 |a slo 
044 |a SK 
245 1 0 |a Nový zákon o miestnych daniach (I.)  |c Radka Hečková, Mária Vargová 
520 |a Dňa 1. 11. 2004 nadobudol účinnosť zákon č. 582/2004 Z.z. o miestnych daniach a miestnom poplatu za komunálne odpady a drobné stavebné odpady. Informácia o miestnych daniach - dani z nehnuteľnosti a dani z motorových vozidiel. Stručný prehľad vyberania a platenia všetkých miestnych daní. Ilustračné príklady. 
610 2 0 |a zákony 
610 2 0 |a dane miestne 
610 2 0 |a dane z nehnuteľností 
610 2 0 |a automobily 
610 2 0 |a dane z vozidiel motorových 
610 2 0 |a obce 
610 2 0 |a poplatky miestne 
610 2 0 |a Slovensko 
100 1 |a Hečková, Radka 
700 1 |a Vargová, Mária